000
00335 a2200157 4500
001
56701
020
_a
8535704329
040
_c
Anchieta - Pituba
100
_a
Mott, Odette de Barros
240
1
0
_a
A 8ª série C
_l
por
245
1
0
_a
A 8ª série C
300
_a
168
362
0
_a
2005
650
4
_a
Literatura juvenil
942
_c
BK
999
_c
56701
_d
56701